<?xml version="1.0" encoding="UTF-8"?>
<record
    xmlns:xsi="http://www.w3.org/2001/XMLSchema-instance"
    xsi:schemaLocation="http://www.loc.gov/MARC21/slim http://www.loc.gov/standards/marcxml/schema/MARC21slim.xsd"
    xmlns="http://www.loc.gov/MARC21/slim">

  <leader>01571fam a2200325 a 4500</leader>
  <controlfield tag="001">1851959</controlfield>
  <controlfield tag="005">20220326193302.0</controlfield>
  <controlfield tag="008">960716s1995    ve a     b    000 0 spa  </controlfield>
  <datafield tag="010" ind1=" " ind2=" ">
    <subfield code="a">   96169748 </subfield>
  </datafield>
  <datafield tag="020" ind1=" " ind2=" ">
    <subfield code="a">9802532703</subfield>
  </datafield>
  <datafield tag="035" ind1=" " ind2=" ">
    <subfield code="a">(OCoLC)36110968</subfield>
  </datafield>
  <datafield tag="035" ind1=" " ind2=" ">
    <subfield code="a">(OCoLC)ocm36110968</subfield>
  </datafield>
  <datafield tag="035" ind1=" " ind2=" ">
    <subfield code="a">(NNC)1851959</subfield>
  </datafield>
  <datafield tag="040" ind1=" " ind2=" ">
    <subfield code="a">DLC</subfield>
    <subfield code="c">DLC</subfield>
  </datafield>
  <datafield tag="043" ind1=" " ind2=" ">
    <subfield code="a">s-ve---</subfield>
  </datafield>
  <datafield tag="082" ind1=" " ind2=" ">
    <subfield code="a">709.87</subfield>
    <subfield code="b">R175a</subfield>
  </datafield>
  <datafield tag="100" ind1="1" ind2=" ">
    <subfield code="a">Ramos, Mar&#xED;a Elena,</subfield>
    <subfield code="d">1947-</subfield>
    <subfield code="9">1496</subfield>
  </datafield>
  <datafield tag="245" ind1="1" ind2="0">
    <subfield code="a">Acciones frente a la plaza :</subfield>
    <subfield code="b">rese&#xF1;as y documentos de siete eventos para una nueva l&#xF3;gica del arte venezolano /</subfield>
    <subfield code="c">Mar&#xED;a Elena Ramos.</subfield>
  </datafield>
  <datafield tag="260" ind1=" " ind2=" ">
    <subfield code="a">Caracas :</subfield>
    <subfield code="b">Fundarte,</subfield>
    <subfield code="c">1995</subfield>
  </datafield>
  <datafield tag="300" ind1=" " ind2=" ">
    <subfield code="a">135 p. :</subfield>
    <subfield code="b">ill. ;</subfield>
    <subfield code="c">22 cm.</subfield>
  </datafield>
  <datafield tag="490" ind1="1" ind2=" ">
    <subfield code="a">Colecci&#xF3;n Urbe ;</subfield>
    <subfield code="v">no. 4</subfield>
  </datafield>
  <datafield tag="500" ind1=" " ind2=" ">
    <subfield code="a">A project of FUNDARTE.</subfield>
  </datafield>
  <datafield tag="504" ind1=" " ind2=" ">
    <subfield code="a">Includes bibliographical references.</subfield>
  </datafield>
  <datafield tag="505" ind1=" " ind2=" ">
    <subfield code="t">Acciones Frente a la Plaza</subfield>
    <subfield code="r">Maria Elena Ramos, FUNDARTE</subfield>
    <subfield code="t">Siete Eventos para una nueva logica del arte Venezolano</subfield>
    <subfield code="r">Juan Calzadilla</subfield>
    <subfield code="t">Persona a Persona </subfield>
    <subfield code="r">Alfred Wenemoser</subfield>
    <subfield code="t">Accion Divisoria del Espacio</subfield>
    <subfield code="r">Yeni y Nan </subfield>
    <subfield code="t">Ceremonia con armas blancas </subfield>
    <subfield code="r">Carlos Zerpa </subfield>
    <subfield code="t">acerca de la poes&#xED;a en acci&#xF3;n </subfield>
    <subfield code="r">Diego Barboza </subfield>
    <subfield code="t">Hospitalizacion por calculo renal </subfield>
    <subfield code="r">Marco Antonio Ettedgui</subfield>
    <subfield code="t">&#xBF;y por que no?</subfield>
    <subfield code="r">Antonieta Sosa </subfield>
    <subfield code="t">Nubes para Colombia </subfield>
    <subfield code="r">Pedro Ter&#xE1;n </subfield>
    <subfield code="t">La comunicaci&#xF3;n en las Artes Nuevas  </subfield>
    <subfield code="r">Maria Elena Ramos </subfield>
  </datafield>
  <datafield tag="650" ind1=" " ind2="0">
    <subfield code="a">Performance art</subfield>
    <subfield code="z">Venezuela.</subfield>
    <subfield code="9">1497</subfield>
  </datafield>
  <datafield tag="650" ind1=" " ind2="0">
    <subfield code="a">Arts, Venezuelan</subfield>
    <subfield code="y">20th century.</subfield>
    <subfield code="9">1498</subfield>
  </datafield>
  <datafield tag="710" ind1="2" ind2=" ">
    <subfield code="a">Fundaci&#xF3;n para la Cultura y las Artes del Distrito Federal.</subfield>
    <subfield code="9">1499</subfield>
  </datafield>
  <datafield tag="830" ind1=" " ind2="0">
    <subfield code="a">Colecci&#xF3;n Urbe ;</subfield>
    <subfield code="v">no. 4.</subfield>
    <subfield code="9">1500</subfield>
  </datafield>
  <datafield tag="999" ind1=" " ind2=" ">
    <subfield code="c">317</subfield>
    <subfield code="d">317</subfield>
  </datafield>
  <datafield tag="952" ind1=" " ind2=" ">
    <subfield code="0">0</subfield>
    <subfield code="1">0</subfield>
    <subfield code="2">ddc</subfield>
    <subfield code="4">0</subfield>
    <subfield code="7">0</subfield>
    <subfield code="a">LV</subfield>
    <subfield code="b">LV</subfield>
    <subfield code="c">Pensamiento</subfield>
    <subfield code="d">2014-10-31</subfield>
    <subfield code="l">0</subfield>
    <subfield code="o">709.87 R175a</subfield>
    <subfield code="p">000436</subfield>
    <subfield code="r">2014-10-31 00:00:00</subfield>
    <subfield code="w">2014-10-31</subfield>
    <subfield code="y">01</subfield>
  </datafield>
</record>
